[Event "EIBCC 2019"]
[Site "Tallinn"]
[Date "2019.12.07"]
[Round "7.25"]
[White "Lobanov, Sergei"]
[Black "Belenkaya, Dina"]
[Result "1-0"]
[WhiteElo "2394"]
[BlackElo "2203"]
[Annotator "NA"]
[PlyCount "215"]
[EventDate "2019.12.06"]
[EventType "swiss"]
[EventCountry "EST"]
[SourceTitle "playchess.com"]
[Source "ChessBase"]
[SourceQuality "1"]

1. e4 d5 2. exd5 Qxd5 3. Nc3 Qa5 4. d4 c6 5. Bc4 Nf6 6. Nf3 Bf5 7. Bd2 e6 8. O-O Qb6 9. Bb3 Nbd7 10. Ne2 Be7 11. Ng3 Bg6 12. c3 O-O 13. Qe2 Rfe8 14. Rad1 a5 15. Bc1 a4 16. Bc4 Nd5 17. a3 Qc7 18. Rfe1 Bd6 19. Ne4 Bf8 20. Nh4 b5 21. Ba2 N7b6 22. Nxg6 hxg6 23. Ng5 Be7 24. Qg4 Bxg5 25. Qxg5 Qe7 26. Qg3 Qc7 27. Re5 Nd7 28. Re2 Qxg3 29. hxg3 N7b6 30. Rde1 Rad8 31. f3 Kf8 32. Kf2 Rd7 33. g4 Rde7 34. g5 Rd7 35. Rh1 Ke7 36. Rh7 Rg8 37. Rh1 Rdd8 38. Ree1 Rh8 39. Bb1 Rxh1 40. Rxh1 Rg8 41. Bd3 Kd6 42. f4 Nc8 43. Kf3 Nce7 44. Bd2 Nc8 45. Rh7 Ncb6 46. g4 Nc4 47. Bc1 Na5 48. Be3 Nc4 49. Bc1 Ncb6 50. Rh2 Ke7 51. Bd2 Kd6 52. Be1 Nd7 53. Bg3 Ke7 54. Rh7 Nf8 55. Rh1 Nd7 56. f5 gxf5 57. gxf5 N7b6 58. fxe6 fxe6 59. Be5 Nd7 60. Bg3 Rf8+ 61. Ke2 Rg8 62. Be4 N7b6 63. Bd3 Nd7 64. Rh2 N7b6 65. Rh7 Nd7 66. Bh2 Nf8 67. Rh3 g6 68. Be5 Nb6 69. Be4 Nd5 70. Rh6 Kd7 71. Kd3 Ne7 72. Bf6 Nf5 73. Rh1 Ng3 74. Rh3 Nf5 75. c4 bxc4+ 76. Kxc4 Nd6+ 77. Kd3 Nxe4 78. Kxe4 Kd6 79. Be5+ Kd7 80. Bf6 Kd6 81. Be5+ Kd7 82. Rc3 Nh7 83. Bf4 Rf8 84. Rc4 Rf5 85. Rxa4 Nxg5+ 86. Ke3 Nh3 87. Ra7+ Ke8 88. Be5 Ng1 89. a4 Rf3+ 90. Ke4 Rb3 91. a5 Nh3 92. Bf6 Nf2+ 93. Ke5 Ng4+ 94. Kxe6 Nxf6 95. Kxf6 Rxb2 96. a6 Kd8 97. Rh7 Ra2 98. a7 Kc8 99. Ke6 g5 100. Kd6 g4 101. Rc7+ Kd8 102. Rb7 Ke8 103. Rb8+ Kf7 104. a8=Q Rxa8 105. Rxa8 Kf6 106. Kxc6 g3 107. Rg8 Kf5 108. Rxg3 1-0

[Event "EIBCC 2019"]
[Site "Tallinn"]
[Date "2019.12.07"]
[Round "7.26"]
[White "Ladopoulos, Dimitrios"]
[Black "Kozak, Adam"]
[Result "0-1"]
[WhiteElo "2151"]
[BlackElo "2385"]
[Annotator "NA"]
[PlyCount "96"]
[EventDate "2019.12.06"]
[EventType "swiss"]
[EventCountry "EST"]
[SourceTitle "playchess.com"]
[Source "ChessBase"]
[SourceQuality "1"]

1. Nf3 c5 2. e4 d6 3. d4 cxd4 4. Nxd4 Nf6 5. Nc3 a6 6. Be3 e5 7. Nb3 Be6 8. Qd2 Be7 9. O-O-O Ng4 10. g3 Nxe3 11. Qxe3 O-O 12. f4 Nc6 13. Kb1 exf4 14. gxf4 Bf6 15. e5 Be7 16. Ne4 d5 17. Nec5 Qb6 18. Qg1 g6 19. Bd3 Nb4 20. Nxe6 Qxg1 21. Rhxg1 fxe6 22. Rdf1 Kf7 23. h4 Rg8 24. h5 Nxd3 25. hxg6+ Rxg6 26. cxd3 Rag8 27. Rh1 Rh8 28. f5 Rg5 29. f6 Bd8 30. d4 h5 31. Kc2 h4 32. Rf3 Rg4 33. Kd3 Bb6 34. Rhh3 Rc8 35. Re3 Rc4 36. Ke2 Bxd4 37. Nxd4 Rgxd4 38. Kf2 Re4 39. Rxe4 Rxe4 40. Rc3 Rxe5 41. Rc7+ Kxf6 42. Rxb7 a5 43. Ra7 d4 44. a3 Rd5 45. Ke2 Rh5 46. Kf2 h3 47. Kg1 d3 48. Rd7 Rd5 0-1

[Event "EIBCC 2019"]
[Site "Tallinn"]
[Date "2019.12.07"]
[Round "7.27"]
[White "Vasiliev, Georgiy"]
[Black "Loginov, Valery A"]
[Result "0-1"]
[WhiteElo "2126"]
[BlackElo "2376"]
[Annotator "NA"]
[PlyCount "94"]
[EventDate "2019.12.06"]
[EventType "swiss"]
[EventCountry "EST"]
[SourceTitle "playchess.com"]
[Source "ChessBase"]
[SourceQuality "1"]

1. c4 c5 2. Nc3 Nc6 3. g3 e5 4. Bg2 g6 5. e3 Bg7 6. Nge2 d6 7. Nd5 Nge7 8. Nec3 O-O 9. O-O Rb8 10. a3 a6 11. b4 cxb4 12. axb4 b5 13. cxb5 axb5 14. Qe2 Nxd5 15. Nxd5 Be6 16. Rb1 f5 17. d4 e4 18. Nf4 Bc4 19. Qc2 Qd7 20. Rd1 Ra8 21. Bf1 d5 22. Bxc4 bxc4 23. b5 Na5 24. Ba3 Rfb8 25. Bc5 g5 26. Ne2 Rxb5 27. Rxb5 Qxb5 28. Nc3 Qc6 29. Ra1 Nb3 30. Rxa8+ Qxa8 31. Qa2 Qxa2 32. Nxa2 Nxc5 33. dxc5 Kf7 34. Nb4 Ke6 35. c6 Be5 36. Kf1 Bd6 37. Na6 f4 38. Ke2 h5 39. Kd2 Be5 40. Nb4 fxg3 41. fxg3 g4 42. Kc2 Bd6 43. Na6 Ke7 44. Kc3 Kd8 45. Kd4 Kc8 46. Kxd5 c3 47. Kxd6 c2 0-1

[Event "EIBCC 2019"]
[Site "Tallinn"]
[Date "2019.12.07"]
[Round "7.28"]
[White "Stabulnieks, Klavs"]
[Black "D`Costa, Lorin"]
[Result "0-1"]
[WhiteElo "2069"]
[BlackElo "2361"]
[Annotator "NA"]
[PlyCount "113"]
[EventDate "2019.12.06"]
[EventType "swiss"]
[EventCountry "EST"]
[SourceTitle "playchess.com"]
[Source "ChessBase"]
[SourceQuality "1"]

1. d4 Nf6 2. c4 g6 3. Nc3 d5 4. cxd5 Nxd5 5. Bd2 Bg7 6. e4 Nb6 7. Be3 O-O 8. h3 Nc6 9. Nf3 e5 10. d5 Ne7 11. a4 a5 12. Qb3 Bd7 13. d6 Nec8 14. dxc7 Qxc7 15. Rc1 Qd8 16. Rd1 Be6 17. Qa3 Qc7 18. Nb5 Qc6 19. Bd3 Nc4 20. Qc3 Nxe3 21. fxe3 Qb6 22. Be2 Na7 23. Nd6 Rfd8 24. Nc4 Rxd1+ 25. Bxd1 Qc5 26. Be2 b5 27. axb5 Nxb5 28. Qd3 Bf6 29. O-O Rd8 30. Qc2 Nd6 31. b3 Nxc4 32. Bxc4 Bxc4 33. bxc4 Qxe3+ 34. Kh1 Qc5 35. Rb1 Rc8 36. Nd2 Bg5 37. Nb3 Qxc4 38. Qd1 Qxe4 39. Nxa5 Rd8 40. Qf1 Rf8 41. Nc4 Bh6 42. Nd6 Qd5 43. Nb5 e4 44. Qe2 Bg7 45. Re1 f5 46. Rd1 Qe6 47. Rd6 Qe7 48. Qc4+ Kh8 49. Rc6 Be5 50. Qc1 f4 51. Nc7 f3 52. Ne6 Re8 53. Qc4 fxg2+ 54. Kxg2 e3 55. Nc5 Bg7 56. Qe2 Qe5 57. Nd3 0-1

[Event "EIBCC 2019"]
[Site "Tallinn"]
[Date "2019.12.07"]
[Round "7.29"]
[White "Mustaps, Matiss"]
[Black "Bogaudinov, Rushan"]
[Result "1-0"]
[WhiteElo "2361"]
[BlackElo "2059"]
[Annotator "NA"]
[PlyCount "134"]
[EventDate "2019.12.06"]
[EventType "swiss"]
[EventCountry "EST"]
[SourceTitle "playchess.com"]
[Source "ChessBase"]
[SourceQuality "1"]

1. e4 c5 2. Nf3 d6 3. d4 cxd4 4. Nxd4 Nf6 5. Nc3 a6 6. Bc4 g6 7. O-O Bg7 8. h3 O-O 9. Bb3 Nc6 10. Re1 Bd7 11. Be3 Rc8 12. Nxc6 Bxc6 13. Bd4 b5 14. Nd5 e5 15. Bc3 a5 16. a3 Nxd5 17. Bxd5 Qb6 18. Bxc6 Rxc6 19. Qd2 Rfc8 20. Rac1 b4 21. axb4 axb4 22. Bxb4 Bf8 23. c3 Qb5 24. Rcd1 Qc4 25. Qd5 Qa6 26. Ra1 Qb7 27. h4 h5 28. g3 Qd7 29. Kg2 Qg4 30. Ra7 R6c7 31. Rxc7 Rxc7 32. Re3 g5 33. hxg5 Qxg5 34. Rf3 Qg6 35. Qd3 Rd7 36. Qe2 d5 37. Bxf8 Kxf8 38. exd5 Rxd5 39. Re3 Qc6 40. Qf3 f6 41. b4 Rd6 42. Qxc6 Rxc6 43. Kf3 Rc4 44. Ke2 Ke7 45. Kd3 Rc8 46. Re1 Ke6 47. Rh1 Rd8+ 48. Kc2 Rh8 49. b5 Kd5 50. Rb1 Kc5 51. Kd3 f5 52. c4 Kb6 53. Kc3 h4 54. gxh4 Rxh4 55. Kb4 Rf4 56. Rd1 Rxf2 57. c5+ Kc7 58. b6+ Kc8 59. Kb5 Rh2 60. Rd5 f4 61. Rxe5 f3 62. Rf5 f2 63. Rf8+ Kd7 64. c6+ Ke7 65. Rf3 Kd6 66. b7 Rh1 67. b8=Q+ Kd5 1-0

[Event "EIBCC 2019"]
[Site "Tallinn"]
[Date "2019.12.07"]
[Round "7.30"]
[White "Bazyrtsyrenov, Kirill"]
[Black "Pershin, Denis"]
[Result "0-1"]
[WhiteElo "2043"]
[BlackElo "2359"]
[Annotator "NA"]
[PlyCount "108"]
[EventDate "2019.12.06"]
[EventType "swiss"]
[EventCountry "EST"]
[SourceTitle "playchess.com"]
[Source "ChessBase"]
[SourceQuality "1"]

1. e4 c6 2. d4 d5 3. Nc3 dxe4 4. Nxe4 Bf5 5. Ng3 Bg6 6. h4 h6 7. Nf3 Nd7 8. h5 Bh7 9. Bd3 Bxd3 10. Qxd3 e6 11. Bf4 Qa5+ 12. Bd2 Bb4 13. Ne4 Ngf6 14. Nd6+ Ke7 15. Nc4 Bxd2+ 16. Nfxd2 Qf5 17. Qa3+ c5 18. Ne3 Qf4 19. dxc5 Kd8 20. O-O-O Kc7 21. Ndc4 Rhd8 22. Qa5+ b6 23. cxb6+ axb6 24. Qc3 Ne4 25. Qxg7 Rxa2 26. Kb1 Rda8 27. Rxd7+ Kxd7 28. Nxb6+ Ke7 29. Nxa8 Nd2+ 30. Kc1 Nc4 31. Kb1 Rxa8 32. Nxc4 Qxc4 33. Qxh6 Qa2+ 34. Kc1 Qa1+ 35. Kd2 Rd8+ 36. Kc3 Qxh1 37. Qg5+ Ke8 38. Qg8+ Ke7 39. Qg5+ Kd7 40. Qb5+ Ke7 41. Qc5+ Rd6 42. Qc7+ Rd7 43. Qc5+ Kf6 44. f4 Qe1+ 45. Kb3 Qg3+ 46. c3 Qxf4 47. h6 Qxh6 48. Qc8 Qd2 49. Qh8+ Ke7 50. Qh4+ Ke8 51. Qh8+ Ke7 52. Qh4+ Kd6 53. Qb4+ Ke5 54. Qc5+ Qd5+ 0-1

[Event "EIBCC 2019"]
[Site "Tallinn"]
[Date "2019.12.07"]
[Round "7.31"]
[White "Ziska, Helgi Dam"]
[Black "Saveliev, Alexei"]
[Result "1-0"]
[WhiteElo "2614"]
[BlackElo "2279"]
[Annotator "ChessBase"]
[PlyCount "101"]
[EventDate "2019.12.06"]
[EventType "swiss"]
[EventCountry "EST"]
[SourceTitle "playchess.com"]
[Source "ChessBase"]
[SourceQuality "1"]

1. e4 c5 2. Nf3 e6 3. g3 Nc6 4. Bg2 Nf6 5. Qe2 e5 6. O-O Be7 7. c3 O-O 8. Rd1 d5 9. d3 h6 10. Na3 Re8 11. h3 Bf8 12. Nh4 g6 13. Nc2 Bg7 14. a3 a5 15. exd5 Nxd5 16. a4 Be6 17. Nf3 Qd7 18. Kh2 Rad8 19. Na3 Qc7 20. Nd2 f5 21. Ndc4 Kh7 22. Nb5 Qb8 23. Re1 Bf7 24. Be3 Nxe3 25. Nxe3 Ne7 26. Qf3 Nd5 27. Nc4 Bg8 28. Nxa5 Qc8 29. Nc4 Qc6 30. h4 h5 31. Re2 Qd7 32. Rae1 Nf6 33. Ncd6 Ng4+ 34. Kg1 Re6 35. Nxb7 e4 36. dxe4 Qxb7 37. exf5 Qxf3 38. fxg6+ Kxg6 39. Bxf3 Rxe2 40. Rxe2 Rd1+ 41. Kg2 Ra1 42. Na3 Ne5 43. Be4+ Kf6 44. a5 Rd1 45. a6 Rd7 46. b4 cxb4 47. cxb4 Ke6 48. f4 Kd6 49. fxe5+ Bxe5 50. a7 Bc4 51. Nxc4+ 1-0

[Event "EIBCC 2019"]
[Site "Tallinn"]
[Date "2019.12.07"]
[Round "7.32"]
[White "Kulaots, Kaido"]
[Black "Picard, Romain"]
[Result "1-0"]
[WhiteElo "2562"]
[BlackElo "2279"]
[Annotator "ChessBase"]
[PlyCount "109"]
[EventDate "2019.12.06"]
[EventType "swiss"]
[EventCountry "EST"]
[SourceTitle "playchess.com"]
[Source "ChessBase"]
[SourceQuality "1"]

1. e4 e5 2. Nf3 d6 3. d4 exd4 4. Nxd4 Nf6 5. Nc3 Be7 6. g3 a5 7. Bg2 a4 8. a3 O-O 9. O-O Re8 10. Bf4 Bf8 11. h3 Nfd7 12. Qe2 c6 13. Rad1 Ne5 14. Bc1 b5 15. Kh2 Qb6 16. Nb1 d5 17. f4 Nc4 18. e5 Bb7 19. c3 Nd7 20. Nd2 Nc5 21. N2f3 Ne4 22. Be3 c5 23. Nf5 Rad8 24. Bg1 Qc7 25. Ne3 g6 26. Ng4 Bg7 27. Ne1 f6 28. Nd3 f5 29. Ne3 Kh8 30. g4 Bc8 31. gxf5 Bxf5 32. Nxf5 gxf5 33. Qh5 Rf8 34. Bf2 Qd7 35. Rde1 Qe7 36. Bh4 Qe6 37. Bxd8 Rxd8 38. Bf3 Ncd2 39. Be2 Nc4 40. Rg1 Rg8 41. Rg2 Ne3 42. Rgg1 Nc4 43. Bf3 Ned2 44. Bh1 d4 45. Nxc5 Qb6 46. cxd4 Nxb2 47. Nd7 Qxd4 48. Nf6 Bxf6 49. Rxg8+ Kxg8 50. Qe8+ Kg7 51. exf6+ Kh6 52. Qf8+ Kh5 53. Qf7+ Kh6 54. Qg7+ Kh5 55. Qg5# 1-0

[Event "EIBCC 2019"]
[Site "Tallinn"]
[Date "2019.12.07"]
[Round "7.33"]
[White "Reizniece-Ozola, Dana"]
[Black "Lintchevski, Daniil"]
[Result "1/2-1/2"]
[WhiteElo "2275"]
[BlackElo "2553"]
[Annotator "ChessBase"]
[PlyCount "124"]
[EventDate "2019.12.06"]
[EventType "swiss"]
[EventCountry "EST"]
[SourceTitle "playchess.com"]
[Source "ChessBase"]
[SourceQuality "1"]

1. c4 c5 2. Nf3 Nc6 3. d4 cxd4 4. Nxd4 g6 5. e4 Nf6 6. Nc3 d6 7. Be2 Nxd4 8. Qxd4 Bg7 9. O-O O-O 10. Qd2 a5 11. Rb1 a4 12. b4 axb3 13. axb3 Bd7 14. f3 Qc7 15. Kh1 Rfc8 16. Bb2 Qc5 17. Ra1 Qb4 18. Rxa8 Rxa8 19. Qc2 Be6 20. Nd5 Bxd5 21. cxd5 Nd7 22. Bxg7 Kxg7 23. Qc7 Ne5 24. Qxe7 Ra2 25. f4 Nd7 26. Bf3 Nf8 27. e5 Qxf4 28. exd6 Qf6 29. Qc7 Ra8 30. Qxb7 Rd8 31. b4 Qxd6 32. b5 Nd7 33. Qc6 Ne5 34. Qxd6 Rxd6 35. Rb1 Rb6 36. Be2 Kf6 37. Kg1 Ke7 38. Kf2 Kd6 39. Ke3 Kxd5 40. Rd1+ Ke6 41. Rc1 Kd6 42. Kd4 Nd7 43. Rc8 Rb8 44. Rc6+ Ke7 45. Ra6 Rd8 46. Kc4 Rc8+ 47. Kb4 Rc2 48. Bf3 f5 49. Ra7 Kd6 50. Ra6+ Ke7 51. b6 Rb2+ 52. Ka5 Ra2+ 53. Kb5 Rb2+ 54. Ka5 Nc5 55. Ra7+ Kd6 56. Rxh7 Ra2+ 57. Kb5 Rb2+ 58. Ka5 Ra2+ 59. Kb5 Rb2+ 60. Ka5 Ra2+ 61. Kb5 Rb2+ 62. Ka5 Ke5 1/2-1/2

[Event "EIBCC 2019"]
[Site "Tallinn"]
[Date "2019.12.07"]
[Round "7.34"]
[White "Promyshlyanskiy, Vitaliy"]
[Black "Gretarsson, Helgi Ass"]
[Result "0-1"]
[WhiteElo "2260"]
[BlackElo "2523"]
[Annotator "ChessBase"]
[PlyCount "160"]
[EventDate "2019.12.06"]
[EventType "swiss"]
[EventCountry "EST"]
[SourceTitle "playchess.com"]
[Source "ChessBase"]
[SourceQuality "1"]

1. e4 g6 2. d4 Bg7 3. Nf3 d6 4. Bc4 c6 5. h3 b5 6. Bb3 a5 7. a4 b4 8. Nbd2 Ba6 9. Nc4 Nd7 10. d5 cxd5 11. exd5 Ngf6 12. O-O O-O 13. Re1 Nc5 14. Bg5 Nfe4 15. Bc1 Rc8 16. Nd4 Bb7 17. Ne3 Qb6 18. Nc4 Qa6 19. Nc6 Bxc6 20. dxc6 Rxc6 21. f3 Nxb3 22. cxb3 Nc5 23. Ne3 Nd3 24. Rf1 Bd4 25. Kh2 Rxc1 26. Rxc1 Bxe3 27. Rc7 Bf4+ 28. g3 Bg5 29. h4 Bf6 30. Qe2 Nc5 31. Qxa6 Nxa6 32. Ra7 Nc5 33. Rxa5 Bxb2 34. Rb5 Bc3 35. Rb1 e5 36. Kg2 f5 37. Kf2 Kf7 38. Rd1 Ke6 39. Rb6 Bd4+ 40. Ke2 Nxb3 41. Rxb4 Nc5 42. Kf1 Ra8 43. Re1 Kd5 44. g4 Rxa4 45. Rxa4 Nxa4 46. h5 Nc5 47. Rb1 fxg4 48. fxg4 gxh5 49. gxh5 h6 50. Rb8 Be3 51. Ke2 Bg5 52. Rg8 Ne6 53. Kf3 e4+ 54. Kg4 Ke5 55. Ra8 d5 56. Ra5 Nd4 57. Ra6 Nf3 58. Ra4 Bd2 59. Ra8 Ne1 60. Ra2 Bg5 61. Ra5 e3 62. Ra8 Ke4 63. Re8+ Kd3 64. Kf5 d4 65. Rg8 Nf3 66. Kg4 Ke2 67. Rf8 Ne5+ 68. Kf5 Nc4 69. Rg8 d3 70. Rxg5 hxg5 71. h6 d2 72. h7 d1=Q 73. h8=Q Qd5+ 74. Kg4 Qe4+ 75. Kg3 Qf3+ 76. Kh2 Kf2 77. Qb2+ Qe2 78. Qf6+ Ke1+ 79. Kh3 Qf1+ 80. Qxf1+ Kxf1 0-1

[Event "EIBCC 2019"]
[Site "Tallinn"]
[Date "2019.12.07"]
[Round "7.35"]
[White "Stupak, Kirill"]
[Black "Meyer, Falko"]
[Result "1-0"]
[WhiteElo "2459"]
[BlackElo "2248"]
[Annotator "ChessBase"]
[PlyCount "61"]
[EventDate "2019.12.06"]
[EventType "swiss"]
[EventCountry "EST"]
[SourceTitle "playchess.com"]
[Source "ChessBase"]
[SourceQuality "1"]

1. d4 c6 2. Nf3 d6 3. g3 g6 4. Bg2 Bg7 5. O-O Nd7 6. c4 e5 7. Nc3 Ngf6 8. b3 Qa5 9. Bb2 O-O 10. Qc2 exd4 11. Nxd4 d5 12. cxd5 cxd5 13. Rfd1 Nb6 14. Ncb5 Bf5 15. Nxf5 Qxb5 16. Nxg7 Kxg7 17. Bxf6+ Kxf6 18. Qc3+ Ke6 19. Rd3 Rfe8 20. Re3+ Kd7 21. Bh3+ f5 22. Qg7+ Kd6 23. Rxe8 Qxe8 24. Qxh7 Rc8 25. Qxb7 Qxe2 26. Qxa7 Nd7 27. Bf1 Qe5 28. Qa3+ Ke6 29. Rd1 Rc2 30. Qa6+ Kf7 31. Qb7 1-0

[Event "EIBCC 2019"]
[Site "Tallinn"]
[Date "2019.12.07"]
[Round "7.36"]
[White "Krutti, Valer"]
[Black "Troyke, Christian"]
[Result "1/2-1/2"]
[WhiteElo "2379"]
[BlackElo "2247"]
[Annotator "NA"]
[PlyCount "126"]
[EventDate "2019.12.06"]
[EventType "swiss"]
[EventCountry "EST"]
[SourceTitle "playchess.com"]
[Source "ChessBase"]
[SourceQuality "1"]

1. d4 g6 2. c4 Bg7 3. e4 d6 4. Nc3 Nf6 5. Be2 O-O 6. Bg5 c5 7. d5 h6 8. Bf4 e6 9. Qd2 exd5 10. cxd5 Re8 11. f3 a6 12. a4 h5 13. a5 Qc7 14. Bd3 Nbd7 15. Nge2 Ne5 16. O-O Nxd3 17. Qxd3 Nd7 18. Qd2 Ne5 19. b3 b6 20. axb6 Qxb6 21. Rfb1 Bd7 22. Kh1 h4 23. h3 a5 24. Bg5 Qa6 25. Bxh4 f5 26. Bg5 Nd3 27. Be3 Ne5 28. Nf4 g5 29. Ne6 f4 30. Bf2 Qd3 31. Be1 Bxe6 32. dxe6 Rxe6 33. Nd5 Qf1+ 34. Kh2 Nxf3+ 35. gxf3 Qxf3 36. Nc7 Rxe4 37. Qd5+ Kh7 38. Ra2 Re2+ 39. Rxe2 Qxe2+ 40. Kh1 Qf1+ 41. Kh2 Qe2+ 42. Qg2 Qxg2+ 43. Kxg2 Ra7 44. Nb5 Re7 45. Bxa5 Re2+ 46. Kf3 Re3+ 47. Kg4 Kg6 48. Be1 d5 49. Bf2 Rd3 50. h4 gxh4 51. Bxh4 c4 52. b4 Rb3 53. Rxb3 cxb3 54. Na3 Bf8 55. Be1 f3 56. Kxf3 Kf5 57. Nb1 d4 58. Ke2 Ke4 59. Nd2+ Kd5 60. Nxb3 Kc4 61. Na5+ Kb5 62. Kd3 Bxb4 63. Bxb4 Kxb4 1/2-1/2

[Event "EIBCC 2019"]
[Site "Tallinn"]
[Date "2019.12.07"]
[Round "8.2"]
[White "Turov, Maxim"]
[Black "Mamedov, Rauf"]
[Result "1/2-1/2"]
[WhiteElo "2535"]
[BlackElo "2670"]
[Annotator "ChessBase"]
[PlyCount "95"]
[EventDate "2019.12.06"]
[EventType "swiss"]
[EventCountry "EST"]
[SourceTitle "playchess.com"]
[Source "ChessBase"]
[SourceQuality "1"]

1. d4 d5 2. c4 e6 3. Nc3 c5 4. cxd5 exd5 5. Nf3 Nc6 6. dxc5 d4 7. Na4 Bxc5 8. Nxc5 Qa5+ 9. Qd2 Qxc5 10. e3 dxe3 11. Qxe3+ Qxe3+ 12. Bxe3 Nge7 13. Bc4 Be6 14. Rc1 h6 15. Ke2 Nd5 16. Rhd1 O-O-O 17. Nd4 Nxd4+ 18. Rxd4 Nxe3 19. Bxe6+ Kb8 20. Rxd8+ Rxd8 21. Kxe3 fxe6 22. h4 Rd5 23. Rc4 h5 24. Re4 e5 25. g4 g6 26. g5 Kc7 27. f4 Kd6 28. Rb4 b6 29. Rc4 Rd1 30. fxe5+ Kd5 31. Rc7 Rh1 32. Rxa7 Rxh4 33. Rg7 Kxe5 34. Rxg6 Rh3+ 35. Kd2 b5 36. Rb6 Kd4 37. Rxb5 Rh2+ 38. Kc1 h4 39. g6 Rg2 40. Rh5 Kd3 41. b4 Kc3 42. Kd1 Kxb4 43. Rxh4+ Kc3 44. Rh6 Rxa2 45. Ke1 Kd4 46. Kf1 Ra8 47. Rh5 Ke4 48. Kg2 1/2-1/2

[Event "EIBCC 2019"]
[Site "Tallinn"]
[Date "2019.12.07"]
[Round "8.3"]
[White "Riazantsev, Alexander"]
[Black "Galopoulos, Nikolaos"]
[Result "1/2-1/2"]
[WhiteElo "2635"]
[BlackElo "2429"]
[Annotator "ChessBase"]
[PlyCount "115"]
[EventDate "2019.12.06"]
[EventType "swiss"]
[EventCountry "EST"]
[SourceTitle "playchess.com"]
[Source "ChessBase"]
[SourceQuality "1"]

1. d4 Nf6 2. c4 e6 3. Nf3 d5 4. Bg5 h6 5. Bxf6 Qxf6 6. e3 Bb4+ 7. Nbd2 O-O 8. Qc2 c6 9. Bd3 Nd7 10. O-O e5 11. cxd5 cxd5 12. dxe5 Nxe5 13. Nxe5 Qxe5 14. Nf3 Qd6 15. Qb3 Be6 16. Nd4 Bc5 17. Nxe6 fxe6 18. Rad1 Qe5 19. Bb1 Bd6 20. g3 Rac8 21. Qd3 Qxb2 22. Qh7+ Kf7 23. Bg6+ Ke7 24. Rb1 Qf6 25. Rxb7+ Rc7 26. Rxc7+ Bxc7 27. Bc2 Bb6 28. Qd3 Rc8 29. Bb3 Rc3 30. Qd2 Rc8 31. Qe2 Qe5 32. Qg4 Rf8 33. Kg2 Qf6 34. Qe2 Qe5 35. Qd3 Qf5 36. Qc3 Qf6 37. Qd2 Qe5 38. Kg1 Qf6 39. Qe2 Qe5 40. Re1 Ba5 41. Rd1 Bb6 42. Qg4 Qf6 43. Qe2 Qe5 44. Bc2 d4 45. Kg2 dxe3 46. f4 Qc5 47. Bb3 Rd8 48. Rxd8 Kxd8 49. Qd3+ Ke7 50. Qe4 Qd6 51. Kf3 Kf6 52. Bc2 Kf7 53. Qg6+ Kf8 54. Bd3 Qc6+ 55. Qe4 Qc1 56. Qxe6 Qd1+ 57. Be2 Qh1+ 58. Kg4 1/2-1/2

[Event "EIBCC 2019"]
[Site "Tallinn"]
[Date "2019.12.07"]
[Round "8.4"]
[White "Aleksandrov, Aleksej"]
[Black "Demidov, Mikhail"]
[Result "0-1"]
[WhiteElo "2416"]
[BlackElo "2631"]
[Annotator "ChessBase"]
[PlyCount "50"]
[EventDate "2019.12.06"]
[EventType "swiss"]
[EventCountry "EST"]
[SourceTitle "playchess.com"]
[Source "ChessBase"]
[SourceQuality "1"]

1. d4 g6 2. e4 Bg7 3. Nc3 a6 4. a4 d6 5. Be3 Nf6 6. h3 Nc6 7. Nge2 e5 8. g3 O-O 9. Bg2 exd4 10. Nxd4 Bd7 11. O-O Re8 12. Re1 Nxd4 13. Bxd4 c5 14. Be3 Bc6 15. Bf4 Re6 16. Qd2 Qe7 17. Rad1 Nxe4 18. Nd5 Bxd5 19. Qxd5 Re8 20. c3 Nxc3 21. Rxe6 fxe6 22. Qxd6 Nxd1 23. Qxd1 Bxb2 24. Qb3 Bd4 25. a5 Kg7 0-1

[Event "EIBCC 2019"]
[Site "Tallinn"]
[Date "2019.12.07"]
[Round "8.6"]
[White "Sargissian, Gabriel"]
[Black "Hjartarson, Johann"]
[Result "1-0"]
[WhiteElo "2676"]
[BlackElo "2559"]
[Annotator "ChessBase"]
[PlyCount "71"]
[EventDate "2019.12.06"]
[EventType "swiss"]
[EventCountry "EST"]
[SourceTitle "playchess.com"]
[Source "ChessBase"]
[SourceQuality "1"]

1. d4 Nf6 2. c4 e6 3. Nf3 Bb4+ 4. Nbd2 b6 5. a3 Bxd2+ 6. Qxd2 Bb7 7. e3 O-O 8. Be2 a5 9. b3 d6 10. O-O Nbd7 11. Bb2 Qe7 12. Rfd1 h6 13. b4 Rfe8 14. b5 Ne4 15. Qc2 f5 16. a4 Ndf6 17. Nd2 Nxd2 18. Qxd2 Ne4 19. Qe1 Qg5 20. Qf1 Rf8 21. Ra3 Rf7 22. f3 Nf6 23. Qf2 Re8 24. Qg3 Rfe7 25. c5 Nd5 26. c6 Bc8 27. Qxg5 hxg5 28. Kf2 Nf6 29. h3 Rf8 30. Ke1 g4 31. hxg4 fxg4 32. e4 gxf3 33. gxf3 e5 34. dxe5 dxe5 35. Rad3 Nh5 36. Ba3 1-0

[Event "EIBCC 2019"]
[Site "Tallinn"]
[Date "2019.12.07"]
[Round "8.7"]
[White "Motylev, Alexander"]
[Black "Usmanov, Vasily"]
[Result "1-0"]
[WhiteElo "2629"]
[BlackElo "2495"]
[Annotator "ChessBase"]
[PlyCount "120"]
[EventDate "2019.12.06"]
[EventType "swiss"]
[EventCountry "EST"]
[SourceTitle "playchess.com"]
[Source "ChessBase"]
[SourceQuality "1"]

1. e4 Nc6 2. Nc3 a6 3. d4 d5 4. e5 Bf5 5. Be3 e6 6. Be2 h6 7. Nf3 Nge7 8. h3 Bh7 9. O-O Nf5 10. Bf4 Be7 11. Bd3 g5 12. Bc1 Nb4 13. Be2 Ng7 14. Ne1 c5 15. dxc5 Bxc5 16. Nd3 Nxd3 17. Bxd3 Bxd3 18. Qxd3 Nf5 19. Rd1 Qc7 20. Nxd5 Qxe5 21. Ne3 Nxe3 22. Bxe3 Bxe3 23. fxe3 O-O 24. Qd4 Qxd4 25. exd4 Rfd8 26. a4 Rd5 27. c3 Kg7 28. Re1 Rad8 29. Ra3 Ra5 30. Rb3 Rd7 31. Rb4 Kg6 32. Kf2 h5 33. Re2 h4 34. Kf3 Rf5+ 35. Ke3 e5 36. Rb6+ f6 37. d5 Rxd5 38. Rxb7 Rf1 39. Rd2 Re1+ 40. Re2 Red1 41. Kf2 Kf5 42. Rb6 Rb1 43. Ke3 Kg6 44. Rxa6 Rf1 45. Rb6 Kh5 46. Rf2 Re1+ 47. Re2 Rf1 48. Rd2 Re1+ 49. Re2 Rf1 50. Rd2 Re1+ 51. Re2 Rf1 52. Rf2 Re1+ 53. Re2 Rf1 54. Rb5 Rd6 55. a5 Re6 56. Rb6 Re8 57. a6 f5 58. a7 Rd8 59. Rb8 Rfd1 60. a8=Q R1d3+ 1-0

[Event "EIBCC 2019"]
[Site "Tallinn"]
[Date "2019.12.07"]
[Round "8.8"]
[White "Nguyen, Thai Dai Van"]
[Black "Esipenko, Andrey"]
[Result "1/2-1/2"]
[WhiteElo "2419"]
[BlackElo "2582"]
[Annotator "ChessBase"]
[PlyCount "63"]
[EventDate "2019.12.06"]
[EventType "swiss"]
[EventCountry "EST"]
[SourceTitle "playchess.com"]
[Source "ChessBase"]
[SourceQuality "1"]

1. c4 e5 2. Nc3 Nf6 3. Nf3 Nc6 4. e4 Bb4 5. d3 d6 6. Be2 O-O 7. O-O h6 8. a3 Bc5 9. b4 Bb6 10. Na4 Bd4 11. Nxd4 Nxd4 12. Nc3 a5 13. b5 Nd7 14. Be3 Nc5 15. f4 f5 16. Bxd4 exd4 17. Na4 Nxa4 18. Qxa4 fxe4 19. dxe4 Qe7 20. Bd3 b6 21. Rae1 Bb7 22. Qc2 Rae8 23. Qf2 Qf6 24. Qg3 Qe6 25. h4 Bc8 26. Qf2 Qg4 27. Be2 Qe6 28. Bd3 Qg4 29. Be2 Qg6 30. Bd3 Qg4 31. Be2 Qe6 32. Bd3 1/2-1/2

[Event "EIBCC 2019"]
[Site "Tallinn"]
[Date "2019.12.07"]
[Round "8.9"]
[White "Volodin, Aleksandr"]
[Black "Saric, Ante"]
[Result "0-1"]
[WhiteElo "2401"]
[BlackElo "2577"]
[Annotator "ChessBase"]
[PlyCount "160"]
[EventDate "2019.12.06"]
[EventType "swiss"]
[EventCountry "EST"]
[SourceTitle "playchess.com"]
[Source "ChessBase"]
[SourceQuality "1"]

1. d4 Nf6 2. Bg5 e6 3. Nd2 c5 4. e3 d5 5. c3 Nbd7 6. Bd3 Be7 7. f4 b6 8. Ngf3 Bb7 9. O-O O-O 10. Ne5 Ne4 11. Bxe7 Qxe7 12. Nxd7 Qxd7 13. Nxe4 dxe4 14. Be2 cxd4 15. Qxd4 Qc7 16. Rfd1 Rfd8 17. Qa4 h6 18. Qb5 a6 19. Qb4 g5 20. fxg5 hxg5 21. Rd4 a5 22. Qb5 Rd5 23. Rxd5 exd5 24. Qa4 Qc5 25. Kf2 Rd8 26. Rd1 Rd6 27. Qd4 Qxd4 28. Rxd4 f5 29. g3 g4 30. Bf1 Kf7 31. h4 gxh3 32. Bxh3 Kf6 33. Bf1 Ke5 34. Bb5 Bc6 35. Be2 Rh6 36. Kg2 Be8 37. Rd1 Bh5 38. Bxh5 Rxh5 39. Rd4 Rh6 40. Rd1 b5 41. a3 Rc6 42. Rd4 Rb6 43. Kf2 Rb8 44. Rd1 b4 45. cxb4 axb4 46. a4 b3 47. Ra1 d4 48. exd4+ Kxd4 49. a5 Kd3 50. a6 Kc2 51. a7 Ra8 52. Ke3 Kxb2 53. Ra6 Kc1 54. Rc6+ Kd1 55. Rb6 Kc2 56. Rc6+ Kb1 57. Ra6 b2 58. Kd2 Rd8+ 59. Ke2 Ra8 60. Kd2 Rd8+ 61. Ke2 Kc2 62. Rc6+ Kb1 63. Rb6 Ra8 64. Ra6 Kc2 65. Rc6+ Kb3 66. Rb6+ Kc3 67. Rc6+ Kd4 68. Rb6 Rxa7 69. Rxb2 Ra3 70. Kf2 Ke5 71. Rb5+ Kf6 72. Rb8 Ra2+ 73. Ke3 Rg2 74. Rg8 Ke5 75. Re8+ Kf6 76. Rg8 Ke6 77. Rg7 Ke5 78. Rg8 Rxg3+ 79. Rxg3 f4+ 80. Kf2 fxg3+ 0-1